LEADER 01435nam 2200445 450 001 9910466268803321 005 20200520144314.0 010 $a1-63322-428-7 035 $a(CKB)3710000001086679 035 $a(MiAaPQ)EBC4814075 035 $a(CaSebORM)9781633221949 035 $a(Au-PeEL)EBL4814075 035 $a(CaPaEBR)ebr11353708 035 $a(OCoLC)975224265 035 $a(EXLCZ)993710000001086679 100 $a20170316h20172017 uy| 0 101 0 $aeng 135 $aurcnu|||||||| 181 $2rdacontent 182 $2rdamedia 183 $2rdacarrier 200 10$aBeginning pastel $etips and techniques for learning to paint in pastel /$fPaul Pigram 205 $a1st edition 210 1$aLake Forest, CA :$cWalter Foster,$d[2017] 210 4$dİ2017 215 $a1 online resource (131 pages) $ccolor illustrations 225 0 $aPortfolio 311 $a1-63322-194-6 330 $aBeginning Pastel guides beginning artists through an exploration of pastel techniques and step-by-step projects for a comprehensive and approachable overview of this colorful medium. 606 $aPastel drawing$xTechnique 608 $aElectronic books. 615 0$aPastel drawing$xTechnique. 700 $aPigram$b Paul$0878274 801 0$bMiAaPQ 801 1$bMiAaPQ 801 2$bMiAaPQ 906 $aBOOK 912 $a9910466268803321 996 $aBeginning pastel$91960660 997 $aUNINA LEADER 01749nam 2200469I 450 001 9910707333103321 005 20160726114405.0 035 $a(CKB)5470000002464189 035 $a(OCoLC)953997179 035 $a(EXLCZ)995470000002464189 100 $a20160726j199610 ua 0 101 0 $aeng 135 $aurbn||||||||| 181 $ctxt$2rdacontent 182 $cc$2rdamedia 183 $acr$2rdacarrier 200 10$aCanonical signed digit study$hpart II$iFIR digital filter simulation results /$fHeechul Kim 210 1$aCleveland, Ohio :$cNational National Aeronautics and Space Administration, Lewis Research Center,$dOctober 1996. 215 $a1 online resource (44 pages) $cillustrations 225 1 $aNASA technical memorandum ;$v107335 300 $aTitle from title screen (viewed July 26, 2016). 300 $a"October 1996." 300 $a"Performing organization: National National Aeronautics and Space Administration, Lewis Research Center"--Report documentation page. 327 $apt. II. Fir digital filter simulation results. 517 3 $aFinite Impulse Response digital filter simulation results 606 $aComputerized simulation$2nasat 606 $aFIR filters$2nasat 606 $aFrequency response$2nasat 606 $aBit error rate$2nasat 615 7$aComputerized simulation. 615 7$aFIR filters. 615 7$aFrequency response. 615 7$aBit error rate. 700 $aKim$b Heechul$01405847 712 02$aLewis Research Center, 712 02$aUnited States.$bNational Aeronautics and Space Administration, 801 0$bGPO 801 1$bGPO 906 $aBOOK 912 $a9910707333103321 996 $aCanonical signed digit study$93483154 997 $aUNINA